<?xml version="1.0" encoding="UTF-8"?>
<record
    xmlns:xsi="http://www.w3.org/2001/XMLSchema-instance"
    xsi:schemaLocation="http://www.loc.gov/MARC21/slim http://www.loc.gov/standards/marcxml/schema/MARC21slim.xsd"
    xmlns="http://www.loc.gov/MARC21/slim">

  <leader>01368nac a22003491i 4500</leader>
  <controlfield tag="003">EG-ScBUE</controlfield>
  <controlfield tag="005">20241003124924.0</controlfield>
  <controlfield tag="008">241003t2005    njua   f b    001 0 eng d</controlfield>
  <datafield tag="020" ind1=" " ind2=" ">
    <subfield code="a">9780131276291</subfield>
  </datafield>
  <datafield tag="020" ind1=" " ind2=" ">
    <subfield code="a">0131276298</subfield>
  </datafield>
  <datafield tag="040" ind1=" " ind2=" ">
    <subfield code="a">EG-ScBUE</subfield>
    <subfield code="b">eng</subfield>
    <subfield code="e">rda</subfield>
    <subfield code="c">EG-ScBUE</subfield>
    <subfield code="d">EG-ScBUE</subfield>
  </datafield>
  <datafield tag="082" ind1="0" ind2="4">
    <subfield code="a">515</subfield>
    <subfield code="b">HAE</subfield>
    <subfield code="2">22</subfield>
  </datafield>
  <datafield tag="100" ind1="1" ind2=" ">
    <subfield code="a">Haeussler, Ernest F.,         </subfield>
    <subfield code="e">author.</subfield>
  </datafield>
  <datafield tag="245" ind1="1" ind2="0">
    <subfield code="a">Introductory mathematical analysis for business, economics, and the life and social sciences /</subfield>
    <subfield code="c">Ernest F. Haeussler, Jr., The Pennsylvania State University, Richard S. Paul, The Pennsylvania State University, R. J. Wood, Dalhousie University.</subfield>
  </datafield>
  <datafield tag="246" ind1="3" ind2="0">
    <subfield code="a">Introductory mathematical analysis</subfield>
  </datafield>
  <datafield tag="250" ind1=" " ind2=" ">
    <subfield code="a">Eleventh edition.</subfield>
  </datafield>
  <datafield tag="250" ind1=" " ind2=" ">
    <subfield code="a">International edition.</subfield>
  </datafield>
  <datafield tag="264" ind1=" " ind2="1">
    <subfield code="a">Upper Saddle River, N.J. :</subfield>
    <subfield code="b">Pearson Prentice Hall,</subfield>
    <subfield code="c">[2005]</subfield>
  </datafield>
  <datafield tag="264" ind1=" " ind2="4">
    <subfield code="c">c2005</subfield>
  </datafield>
  <datafield tag="300" ind1=" " ind2=" ">
    <subfield code="a">1 volume (various pagings) :</subfield>
    <subfield code="b">illustrations (some color) ;</subfield>
    <subfield code="c">27 cm</subfield>
  </datafield>
  <datafield tag="336" ind1=" " ind2=" ">
    <subfield code="2">rdacontent</subfield>
    <subfield code="a">text</subfield>
    <subfield code="b">txt</subfield>
  </datafield>
  <datafield tag="337" ind1=" " ind2=" ">
    <subfield code="a">unmediated</subfield>
    <subfield code="2">rdamedia</subfield>
    <subfield code="b">n</subfield>
  </datafield>
  <datafield tag="338" ind1=" " ind2=" ">
    <subfield code="a">volume</subfield>
    <subfield code="b">nc</subfield>
    <subfield code="2">rdacarrier</subfield>
  </datafield>
  <datafield tag="504" ind1=" " ind2=" ">
    <subfield code="a">Includes bibliographical references and index.</subfield>
  </datafield>
  <datafield tag="650" ind1=" " ind2="7">
    <subfield code="a">Mathematical analysis.</subfield>
    <subfield code="2">BUEsh</subfield>
  </datafield>
  <datafield tag="650" ind1=" " ind2="7">
    <subfield code="a">Economics, Mathematical.</subfield>
    <subfield code="2">BUEsh</subfield>
  </datafield>
  <datafield tag="650" ind1=" " ind2="7">
    <subfield code="a">Business mathematics.</subfield>
    <subfield code="2">BUEsh</subfield>
  </datafield>
  <datafield tag="655" ind1=" " ind2=" ">
    <subfield code="v">Reading book</subfield>
  </datafield>
  <datafield tag="700" ind1="1" ind2=" ">
    <subfield code="a">Paul, Richard S.,</subfield>
    <subfield code="e">author.</subfield>
  </datafield>
  <datafield tag="700" ind1="1" ind2=" ">
    <subfield code="a">Wood, R. J.,</subfield>
    <subfield code="e">author.</subfield>
  </datafield>
  <datafield tag="942" ind1=" " ind2=" ">
    <subfield code="c">NB</subfield>
    <subfield code="2">ddc</subfield>
  </datafield>
  <datafield tag="999" ind1=" " ind2=" ">
    <subfield code="c">4038</subfield>
    <subfield code="d">4038</subfield>
  </datafield>
  <datafield tag="952" ind1=" " ind2=" ">
    <subfield code="0">0</subfield>
    <subfield code="1">0</subfield>
    <subfield code="2">ddc</subfield>
    <subfield code="4">0</subfield>
    <subfield code="7">0</subfield>
    <subfield code="8">Baccah</subfield>
    <subfield code="a">MAIN</subfield>
    <subfield code="b">MAIN</subfield>
    <subfield code="c">1ST</subfield>
    <subfield code="d">2015-08-07</subfield>
    <subfield code="e">Purchase</subfield>
    <subfield code="l">2</subfield>
    <subfield code="o">515 HAE</subfield>
    <subfield code="p">000005160</subfield>
    <subfield code="r">2025-07-15 00:00:00</subfield>
    <subfield code="w">2007-08-16</subfield>
    <subfield code="y">NB</subfield>
  </datafield>
  <datafield tag="952" ind1=" " ind2=" ">
    <subfield code="0">0</subfield>
    <subfield code="1">0</subfield>
    <subfield code="2">ddc</subfield>
    <subfield code="4">0</subfield>
    <subfield code="7">0</subfield>
    <subfield code="8">Baccah</subfield>
    <subfield code="a">MAIN</subfield>
    <subfield code="b">MAIN</subfield>
    <subfield code="c">1ST</subfield>
    <subfield code="d">2007-08-16</subfield>
    <subfield code="e">Purchase</subfield>
    <subfield code="l">25</subfield>
    <subfield code="m">24</subfield>
    <subfield code="o">515 HAE</subfield>
    <subfield code="p">000000098</subfield>
    <subfield code="r">2025-07-15 00:00:00</subfield>
    <subfield code="s">2022-11-08</subfield>
    <subfield code="w">2007-08-22</subfield>
    <subfield code="y">BB</subfield>
  </datafield>
  <datafield tag="952" ind1=" " ind2=" ">
    <subfield code="0">0</subfield>
    <subfield code="1">0</subfield>
    <subfield code="4">0</subfield>
    <subfield code="7">0</subfield>
    <subfield code="a">MAIN</subfield>
    <subfield code="b">MAIN</subfield>
    <subfield code="c">1ST</subfield>
    <subfield code="d">2007-08-16</subfield>
    <subfield code="e">Purchase</subfield>
    <subfield code="l">7</subfield>
    <subfield code="m">11</subfield>
    <subfield code="o">515 HAE</subfield>
    <subfield code="p">000005734</subfield>
    <subfield code="q">2016-10-19</subfield>
    <subfield code="r">2016-10-01 00:00:00</subfield>
    <subfield code="s">2016-10-01</subfield>
    <subfield code="w">2007-09-10</subfield>
    <subfield code="y">BB</subfield>
  </datafield>
</record>
